| 000 | 00502nam a2200193 4500 | ||
|---|---|---|---|
| 003 | SEACOMMC | ||
| 005 | 20231013044756.0 | ||
| 008 | 231013b |||||||| |||| 00| 0 eng d | ||
| 020 | _cRs. 325.00 | ||
| 040 | _aSEACOMMC | ||
| 082 |
_a621.3 _bTHE |
||
| 100 | 1 | _aTheraja, B.L. | |
| 245 | 1 | 2 |
_aA Textbook of electrical technology _cB.L. Theraja and A.K. Theraja |
| 260 |
_aNew Delhi _bS. Chand _c2006 |
||
| 650 | _aEngineering | ||
| 650 | _aApplied physics | ||
| 700 | 1 | _aTheraja, A.K. | |
| 942 | _cBOOK | ||
| 999 |
_c194 _d194 |
||